Score 0/27 Timer 04:00
0 Plays Today
% Correct
Stark
78.6%
Targaryen
77.1%
Lannister
76%
Baratheon
70.8%
Arryn
68.2%
Tyrell
62.5%
Tarly
60.4%
Greyjoy
57.3%
Karstark
49.5%
Martell
49.5%
Plumm
46.4%
Bracken
45.3%
Redwyne
43.8%
Harlaw
26%
% Correct
Blackwood
25.5%
Connington
24.5%
Frey
24%
Royce
22.9%
Umber
21.9%
Swann
20.8%
Dayne
20.8%
Dondarrion
20.3%
Bolton
18.8%
Manderly
16.1%
Mallister
15.6%
Tully
14.6%
Westerling
10.9%
Remove Ads.
Support Sporcle.
Get the best of Sporcle when you Go Orange. This ad-free experience offers more features, more stats, and more fun while also helping to support Sporcle. Thank you for becoming a member.

You're not logged in!

Compare scores with friends on all Sporcle quizzes.
OR
Log In

Sporcle TV

Today on Sporcle TV


Watch our educational content, quiz creation guides, and fun videos on Sporcle TV.

Show Comments

Extras

Top Quizzes Today


Score Distribution

Paid Content

Your Account Isn't Verified!

In order to create a playlist on Sporcle, you need to verify the email address you used during registration. Go to your Sporcle Settings to finish the process.

Report this User

Report this user for behavior that violates our Community Guidelines.

Details: